[Event "Montevideo Duchamp Cup 7th"]
[Site "Montevideo"]
[Date "2024.02.06"]
[Round "6"]
[White "Soto, Nicolas"]
[Black "Ramirez, Agustin"]
[Result "1-0"]
[WhiteElo "1991"]
[BlackElo "1669"]
[PlyCount "33"]
[EventDate "2024.02.01"]
[EventType "swiss"]
[EventRounds "9"]
[EventCountry "URU"]
[SourceTitle "CBM 218 Extra"]
[Source "ChessBase"]
[SourceDate "2024.03.31"]
[SourceVersion "1"]
[SourceVersionDate "2024.03.31"]
[SourceQuality "1"]

1. e4 e6 2. d4 d5 3. Nc3 Nf6 4. e5 Nfd7 5. f4 c5 6. Nf3 Be7 7. Be3 Nc6 8. Qd2 c4 9. a3 a6 10. f5 Qa5 11. fxe6 fxe6 12. Be2 b5 13. 0-0 Kd8 14. Bg5 h6 15. Bxe7+ Nxe7 16. h4 Kc7 17. Nxd5+ 1-0

[Event "Montevideo Duchamp Cup 4th"]
[Site "Montevideo"]
[Date "2020.02.11"]
[Round "5"]
[White "Vazquez, Facundo"]
[Black "Ramirez, Agustin"]
[Result "1-0"]
[WhiteElo "2155"]
[BlackElo "1715"]
[PlyCount "55"]
[EventDate "2020.02.08"]
[EventType "swiss"]
[EventRounds "9"]
[EventCountry "URU"]
[SourceTitle "CBM 194 Extra"]
[Source "ChessBase"]
[SourceDate "2020.03.31"]
[SourceVersion "1"]
[SourceVersionDate "2020.03.31"]
[SourceQuality "1"]

1. d4 Nf6 2. c4 g6 3. Nc3 Bg7 4. g3 0-0 5. Bg2 d6 6. Nf3 Nbd7 7. 0-0 h6 8. e4 e5 9. h3 Re8 10. Be3 b6 11. Qc2 Bb7 12. d5 a5 13. a3 Nh7 14. b4 Rf8 15. Nd2 f5 16. exf5 gxf5 17. f4 e4 18. Rae1 axb4 19. axb4 Qf6 20. Nb5 Rac8 21. Nxe4 Qg6 22. Bf2 Nhf6 23. Nxf6+ Bxf6 24. Re6 Qh5 25. Nd4 Bxd4 26. Bxd4 Rfe8 27. g4 Qf7 28. Rxh6 1-0

[Event "Las Canas op"]
[Site "Las Canas"]
[Date "2020.01.11"]
[Round "3"]
[White "Ramirez, Agustin"]
[Black "Almandoz, Carlos"]
[Result "1/2-1/2"]
[WhiteElo "1697"]
[BlackElo "1781"]
[PlyCount "66"]
[EventDate "2020.01.10"]
[EventType "swiss"]
[EventRounds "5"]
[EventCountry "URU"]
[SourceTitle "CBM 194 Extra"]
[Source "ChessBase"]
[SourceDate "2020.03.31"]
[SourceVersion "1"]
[SourceVersionDate "2020.03.31"]
[SourceQuality "1"]

1. e4 c5 2. Nf3 Nc6 3. d4 cxd4 4. Nxd4 e5 5. Nb5 a6 6. Nd6+ Bxd6 7. Qxd6 Qf6 8. Qxf6 Nxf6 9. Nc3 Nb4 10. Bd3 Nxd3+ 11. cxd3 b5 12. Bg5 Bb7 13. Rc1 Rc8 14. 0-0 0-0 15. Bxf6 gxf6 16. Ne2 d5 17. Ng3 dxe4 18. dxe4 Rxc1 19. Rxc1 Rc8 20. Rxc8+ Bxc8 21. Kf1 Be6 22. a3 Kg7 23. Ke1 Kg6 24. Kd2 h5 25. Kc3 h4 26. Ne2 h3 27. g3 Bg4 28. Kd2 f5 29. exf5+ Kxf5 30. Nc3 Bf3 31. Ke3 Bc6 32. Nd1 Ke6 33. Nc3 Bb7 1/2-1/2

[Event "Las Canas op"]
[Site "Las Canas"]
[Date "2020.01.10"]
[Round "2"]
[White "Vazquez, Facundo"]
[Black "Ramirez, Agustin"]
[Result "1/2-1/2"]
[WhiteElo "2189"]
[BlackElo "1697"]
[PlyCount "126"]
[EventDate "2020.01.10"]
[EventType "swiss"]
[EventRounds "5"]
[EventCountry "URU"]
[SourceTitle "CBM 194 Extra"]
[Source "ChessBase"]
[SourceDate "2020.03.31"]
[SourceVersion "1"]
[SourceVersionDate "2020.03.31"]
[SourceQuality "1"]

1. d4 Nf6 2. c4 g6 3. Nc3 Bg7 4. g3 0-0 5. Bg2 d6 6. Nf3 Nbd7 7. 0-0 h6 8. e4 e5 9. h3 Re8 10. d5 Nc5 11. Qc2 a5 12. Be3 b6 13. a3 a4 14. Bxc5 bxc5 15. Nxa4 Nxe4 16. Ne1 Bd7 17. b3 Ng5 18. h4 Nh7 19. h5 Bf5 20. Qc1 Qg5 21. hxg6 fxg6 22. Nf3 Qxc1 23. Raxc1 Rab8 24. Nd2 Ng5 25. Nc3 e4 26. Rfe1 Bd4 27. Ncxe4 Bxe4 28. Bxe4 Rf8 29. Re2 Bxf2+ 30. Kg2 Rbe8 31. Rxf2 Rxf2+ 32. Kxf2 Nxe4+ 33. Nxe4 Rxe4 34. b4 cxb4 35. axb4 Kf7 36. Kf3 Re5 37. Rh1 h5 38. Ra1 Kf6 39. Ra7 Re7 40. Rb7 Ke5 41. b5 Kf6 42. Ra7 g5 43. Ra6 Ke5 44. Rc6 Rf7+ 45. Ke3 h4 46. gxh4 gxh4 47. b6 cxb6 48. Rc8 Rh7 49. Re8+ Kf6 50. Re6+ Kf5 51. Kf2 Rf7 52. Kg2 Rf6 53. Re8 Rg6+ 54. Kh3 Rg3+ 55. Kxh4 Rg4+ 56. Kh3 Rxc4 57. Re6 Rc8 58. Rxd6 Rb8 59. Re6 b5 60. Kg3 b4 61. Re7 b3 62. d6 b2 63. d7 Rd8 1/2-1/2

[Event "URU-ch U20"]
[Site "Montevideo"]
[Date "2019.04.28"]
[Round "6"]
[White "Ramirez, Agustin"]
[Black "Steinhardt, Luca"]
[Result "1-0"]
[WhiteElo "1541"]
[BlackElo "1498"]
[PlyCount "73"]
[EventDate "2019.04.26"]
[EventType "swiss"]
[EventRounds "6"]
[EventCountry "URU"]
[SourceTitle "CBM 190 Extra"]
[Source "ChessBase"]
[SourceDate "2019.07.15"]
[SourceVersion "1"]
[SourceVersionDate "2019.07.15"]
[SourceQuality "1"]

1. e4 e5 2. Nf3 Nc6 3. Bb5 Nge7 4. 0-0 b6 5. c3 Bb7 6. d4 d5 7. Bxc6+ Bxc6 8. Nxe5 dxe4 9. Nxc6 Nxc6 10. Re1 Qd5 11. f3 f5 12. Nd2 0-0-0 13. fxe4 fxe4 14. Nxe4 Bd6 15. Nxd6+ Rxd6 16. Qg4+ Kb7 17. Qe4 Qh5 18. Bf4 Rd5 19. Qe2 Rf8 20. Qxh5 Rxh5 21. Bg3 a5 22. Rf1 Rhf5 23. Rxf5 Rxf5 24. Rf1 Rxf1+ 25. Kxf1 Ne7 26. Kf2 Kc6 27. Kf3 Nd5 28. Ke4 g6 29. Be5 h5 30. a3 b5 31. g3 Ne7 32. Bf4 Kb6 33. h3 c6 34. Ke5 Nd5 35. Ke6 Nxf4+ 36. gxf4 c5 37. d5 1-0

[Event "URU-ch U20"]
[Site "Montevideo"]
[Date "2019.04.27"]
[Round "3"]
[White "Ramirez, Agustin"]
[Black "Miraballes, Deivid"]
[Result "1-0"]
[WhiteElo "1541"]
[BlackElo "1333"]
[PlyCount "59"]
[EventDate "2019.04.26"]
[EventType "swiss"]
[EventRounds "6"]
[EventCountry "URU"]
[SourceTitle "CBM 190 Extra"]
[Source "ChessBase"]
[SourceDate "2019.07.15"]
[SourceVersion "1"]
[SourceVersionDate "2019.07.15"]
[SourceQuality "1"]

1. e4 e5 2. Nf3 Nc6 3. Bb5 Bc5 4. 0-0 d6 5. c3 Nf6 6. d4 exd4 7. cxd4 Bb4 8. a3 Ba5 9. b4 Bb6 10. d5 a6 11. Ba4 Bxf2+ 12. Rxf2 b5 13. dxc6 bxa4 14. Bg5 0-0 15. Nc3 Be6 16. Nd5 Bxd5 17. exd5 h6 18. Bxf6 Qxf6 19. Qd4 Qf5 20. Re1 Rfe8 21. Rfe2 Rec8 22. Qe4 Qf6 23. Qe7 Qg6 24. Qd7 f6 25. Nh4 Qh5 26. Nf5 Qf7 27. Re7 Qf8 28. Rxg7+ Kh8 29. Rh7+ Kg8 30. Nxh6+ 1-0

[Event "Montevideo zt 2.5"]
[Site "Montevideo"]
[Date "2019.04.17"]
[Round "7"]
[White "Ramirez, Agustin"]
[Black "Barreto, Carlos"]
[Result "0-1"]
[WhiteElo "1541"]
[BlackElo "1778"]
[PlyCount "44"]
[EventDate "2019.04.13"]
[EventType "swiss"]
[EventRounds "9"]
[EventCountry "URU"]
[SourceTitle "CBM 189 Extra"]
[Source "ChessBase"]
[SourceDate "2019.05.31"]
[SourceVersion "1"]
[SourceVersionDate "2019.05.31"]
[SourceQuality "1"]

1. e4 e6 2. d4 d5 3. exd5 exd5 4. Bd3 Nf6 5. Bg5 Be7 6. Nf3 Ne4 7. Bxe7 Qxe7 8. Qe2 0-0 9. Nbd2 Bf5 10. Bxe4 dxe4 11. Ne5 Nd7 12. Nxd7 Qxd7 13. c3 Bg4 14. Qe3 f5 15. 0-0 Rae8 16. Qf4 h6 17. Nb3 b6 18. Qd2 Rf6 19. Rae1 Rg6 20. Qe3 Bf3 21. g3 f4 22. Qxf4 Qh3 0-1

[Event "Montevideo zt 2.5"]
[Site "Montevideo"]
[Date "2019.04.14"]
[Round "3"]
[White "Ramirez, Agustin"]
[Black "Rodriguez Farias, Eduardo"]
[Result "0-1"]
[WhiteElo "1541"]
[BlackElo "1898"]
[PlyCount "35"]
[EventDate "2019.04.13"]
[EventType "swiss"]
[EventRounds "9"]
[EventCountry "URU"]
[SourceTitle "CBM 189 Extra"]
[Source "ChessBase"]
[SourceDate "2019.05.31"]
[SourceVersion "1"]
[SourceVersionDate "2019.05.31"]
[SourceQuality "1"]

1. e4 c5 2. Nf3 Nc6 3. d4 cxd4 4. Nxd4 Nf6 5. Nc3 e5 6. Nf3 Bb4 7. Bd3 d5 8. exd5 Nxd5 9. Bd2 Nxc3 10. Bxc3 Bxc3+ 11. bxc3 Qa5 12. Qd2 0-0 13. Bc4 Bg4 14. Qe3 Nd4 15. Nxd4 exd4 16. Qxd4 Rad8 17. Qxg4 Qxc3+ 18. Kf1 0-1

[Event "URU-ch sf"]
[Site "Montevideo"]
[Date "2019.03.03"]
[Round "5"]
[White "Ramirez, Agustin"]
[Black "Diano, Gabriel"]
[Result "1/2-1/2"]
[WhiteElo "1547"]
[BlackElo "1814"]
[PlyCount "121"]
[EventDate "2019.03.01"]
[EventType "swiss"]
[EventRounds "8"]
[EventCountry "URU"]
[SourceTitle "CBM 189 Extra"]
[Source "ChessBase"]
[SourceDate "2019.05.31"]
[SourceVersion "1"]
[SourceVersionDate "2019.05.31"]
[SourceQuality "1"]

1. e4 c5 2. Nf3 d6 3. d4 cxd4 4. Nxd4 Nf6 5. Nc3 a6 6. Be3 e6 7. Be2 Be7 8. 0-0 0-0 9. f4 Qc7 10. Bf3 Nbd7 11. f5 Ne5 12. Qe1 Nxf3+ 13. Rxf3 b5 14. a3 e5 15. Nb3 Bb7 16. Bg5 h6 17. Bxf6 Bxf6 18. Rd1 Rac8 19. Rf2 Qb6 20. Nd5 Bxd5 21. Rxd5 Rxc2 22. Rxd6 Qxd6 23. Rxc2 Rd8 24. Rd2 Qc6 25. Rxd8+ Bxd8 26. Qe2 Bb6+ 27. Kf1 Ba7 28. Qd3 Qb6 29. Qg3 Qd6 30. Ke2 f6 31. Qg6 Qc6 32. Kd2 Kf8 33. Qg4 Qc4 34. Qf3 Qc7 35. Qd3 Qb6 36. Kc3 a5 37. Kc2 Ke7 38. Qg3 Kf8 39. Qd3 b4 40. axb4 axb4 41. Qd7 Qf2+ 42. Qd2 Qb6 43. Qd7 Qf2+ 44. Qd2 Qb6 45. Qd5 Qf2+ 46. Nd2 Bc5 47. Kb3 Qe3+ 48. Kc4 Bd4 49. Qd8+ Kf7 50. Qc7+ Kg8 51. Qb8+ Kh7 52. Qxb4 Qe2+ 53. Kd5 Qxg2 54. Nc4 Qxh2 55. Qa4 Qh5 56. Qd7 Qd1 57. Qf7 Bxb2+ 58. Ke6 Qb3 59. Qg6+ Kh8 60. Qe8+ Kh7 61. Qg6+ 1/2-1/2

[Event "URU-ch sf"]
[Site "Montevideo"]
[Date "2019.03.02"]
[Round "3"]
[White "Ramirez, Agustin"]
[Black "Salguero, Rafael"]
[Result "0-1"]
[WhiteElo "1547"]
[BlackElo "1896"]
[PlyCount "54"]
[EventDate "2019.03.01"]
[EventType "swiss"]
[EventRounds "8"]
[EventCountry "URU"]
[SourceTitle "CBM 189 Extra"]
[Source "ChessBase"]
[SourceDate "2019.05.31"]
[SourceVersion "1"]
[SourceVersionDate "2019.05.31"]
[SourceQuality "1"]

1. d4 e6 2. c4 d5 3. e3 Nf6 4. Nc3 Be7 5. Nf3 0-0 6. Bd3 b6 7. 0-0 c5 8. cxd5 exd5 9. Re1 Bb7 10. e4 cxd4 11. Nxd4 Bc5 12. Nb3 dxe4 13. Nxc5 bxc5 14. Qb3 exd3 15. Qxb7 Nbd7 16. Qf3 c4 17. b3 Qa5 18. Bd2 Rac8 19. bxc4 Ne5 20. Qg3 Nxc4 21. Bh6 Nh5 22. Qg4 Qxc3 23. Qxh5 gxh6 24. Rab1 d2 25. Re4 Qc1+ 26. Qd1 Qxd1+ 27. Rxd1 Nb2 0-1

[Event "Montevideo Trebejos Verano op"]
[Site "Montevideo"]
[Date "2019.02.01"]
[Round "7"]
[White "Ramirez, Agustin"]
[Black "Umpierrez, Melina"]
[Result "1-0"]
[WhiteElo "1566"]
[BlackElo "1062"]
[PlyCount "73"]
[EventDate "2019.01.18"]
[EventType "swiss"]
[EventRounds "7"]
[EventCountry "URU"]
[SourceTitle "CBM 188 Extra"]
[Source "ChessBase"]
[SourceDate "2019.02.28"]
[SourceVersion "1"]
[SourceVersionDate "2019.02.28"]
[SourceQuality "1"]

1. e4 c6 2. Nc3 d5 3. Nf3 dxe4 4. Nxe4 Bf5 5. Ng3 Bg6 6. h4 h6 7. Ne5 Bh7 8. Bc4 e6 9. Qe2 Qc7 10. Nd3 Nf6 11. Bb3 Bd6 12. Nf1 0-0 13. Ne3 Nbd7 14. g4 Qd8 15. g5 Be4 16. f3 Bxd3 17. Qxd3 Nc5 18. Qe2 Nh5 19. gxh6 Bg3+ 20. Kd1 g6 21. Ng2 Qf6 22. c3 Nf4 23. Nxf4 Bxf4 24. d4 Nd7 25. Be3 Kh7 26. Qd2 Bg3 27. f4 Bxh4 28. Qh2 g5 29. fxg5 Bxg5 30. Bc2+ Kh8 31. Bxg5 Qxg5 32. Rg1 Qf6 33. Rg7 Qf3+ 34. Kd2 Nf6 35. Qh4 Rfe8 36. Rag1 Rad8 37. Qxf6 1-0

[Event "Montevideo Trebejos Verano op"]
[Site "Montevideo"]
[Date "2019.01.23"]
[Round "3"]
[White "Zaruski, Julio"]
[Black "Ramirez, Agustin"]
[Result "1-0"]
[WhiteElo "1823"]
[BlackElo "1566"]
[PlyCount "119"]
[EventDate "2019.01.18"]
[EventType "swiss"]
[EventRounds "7"]
[EventCountry "URU"]
[SourceTitle "CBM 188 Extra"]
[Source "ChessBase"]
[SourceDate "2019.02.28"]
[SourceVersion "1"]
[SourceVersionDate "2019.02.28"]
[SourceQuality "1"]

1. e4 e5 2. Nf3 Nc6 3. d4 exd4 4. c3 dxc3 5. Bc4 cxb2 6. Bxb2 d6 7. 0-0 Be6 8. Bxe6 fxe6 9. Qb3 Qd7 10. Nc3 Nf6 11. e5 Ng4 12. Rad1 Ngxe5 13. Nxe5 Nxe5 14. Rfe1 Nc6 15. Rxe6+ Be7 16. Nd5 0-0-0 17. Rde1 Rde8 18. Bxg7 Rhg8 19. Nxe7+ Rxe7 20. Rxe7 Nxe7 21. Rxe7 Qxe7 22. Qxg8+ Kd7 23. Bc3 c6 24. h3 d5 25. Qg4+ Qe6 26. Qg3 Qd6 27. Be5 Qe6 28. Kh2 b5 29. Qe3 a5 30. Qa7+ Ke8 31. f4 Qd7 32. Qxa5 d4 33. Qa8+ Kf7 34. Qh8 d3 35. Qxh7+ Ke8 36. Qh8+ Kf7 37. Qf6+ Ke8 38. Bd6 Qf7 39. Qxf7+ Kxf7 40. Bb4 c5 41. Bd2 Kf6 42. Kg3 b4 43. Kf3 Kf5 44. g4+ Kf6 45. Ke4 Ke6 46. Kxd3 Kd5 47. g5 c4+ 48. Kc2 b3+ 49. axb3 cxb3+ 50. Kxb3 Ke6 51. Kc4 Kf7 52. f5 Kg8 53. Kd5 Kf8 54. Ke6 Ke8 55. Bb4 Kd8 56. h4 Ke8 57. h5 Kd8 58. h6 Ke8 59. h7 Kd8 60. g6 1-0

[Event "American Continental 14th"]
[Site "Montevideo"]
[Date "2018.06.07"]
[Round "8"]
[White "Shih Ferreira, Yin Chieh"]
[Black "Ramirez, Agustin"]
[Result "0-1"]
[WhiteElo "1378"]
[BlackElo "1675"]
[PlyCount "76"]
[EventDate "2018.06.01"]
[EventType "swiss"]
[EventRounds "11"]
[EventCountry "URU"]
[SourceTitle "CBM 184 Extra"]
[Source "ChessBase"]
[SourceDate "2018.06.28"]
[SourceVersion "1"]
[SourceVersionDate "2018.06.28"]
[SourceQuality "1"]

1. d4 Nf6 2. Bf4 g6 3. Nd2 d6 4. e4 Bg7 5. Ngf3 c5 6. c3 Nc6 7. d5 Nb8 8. Bb5+ Bd7 9. Bxd7+ Nbxd7 10. 0-0 0-0 11. Re1 Re8 12. h3 b5 13. Nh2 a5 14. f3 b4 15. cxb4 axb4 16. a3 bxa3 17. Rxa3 Qc7 18. Qc2 Ra5 19. Nc4 Rxa3 20. bxa3 Nb6 21. Nxb6 Qxb6 22. Rb1 Qa7 23. Bc1 Ra8 24. Nf1 Qa4 25. Qxa4 Rxa4 26. Rb8+ Bf8 27. Bh6 Nd7 28. Rd8 Ra7 29. Nd2 f6 30. Kf2 Rxa3 31. Nc4 Ra2+ 32. Kg3 Ra7 33. Kf4 Kf7 34. Bxf8 Nxf8 35. Rb8 Rc7 36. g4 Nd7 37. Rb1 Ne5 38. Rc1 Nd3+ 0-1